000 01081nam a22003137a 4500
001 BR7406438
003 BR-BrBNA
005 20230928084642.0
007 ta
008 230509b bl.||||| |||| 00| 0 por d
040 _aBR-BrBNA
_bpor
_cBiblioteca Nacional de Agricultura
041 _a(Por)
072 _aF22; F23; F24
_b/G514
090 _ F22 BR7406438
110 1 _aUniversidade Federal do Ceara, Fortaleza (Brasil). Centro de Ciencias Agrarias. Depto. de Engenharia Agricola e Edafologia
_911030
245 1 _aRelatorio de pesquisas [Universidade Federal do Ceara, analise do solo, quimica do solo, Brasil]
_bv. 1
260 3 _aFortaleza, CE (Brasil):
_c1974.
300 _a156 p.
500 _aSummaries (Eng, Por). (*) Documento disponível na(o) Universidade Federal do Ceara, Fortaleza (Brazil)
650 _aANALISE DO SOLO
650 _aQUIMICA DO SOLO
650 _aFISICA DO SOLO
650 _aFIXACAO DE FOSFORO
650 _aINFILTRACAO
650 _aAEROFOTOGRAMETRIA
650 _aCEARA
909 _a202309
_bLucia
_c55
_dLucia Elande
942 _cBK
999 _c20287
_d20287